[Event "Zalakaros Barczay Memorial 2020"]
[Site "Zalakaros"]
[Date "2020.09.06"]
[Round "7.2"]
[White "Aczel, Gergely"]
[Black "Horvath, Adam"]
[Result "1-0"]
[WhiteElo "2532"]
[BlackElo "2497"]
[Annotator "TA"]
[PlyCount "89"]
[EventDate "2020.08.31"]
[EventType "swiss"]
[EventCountry "HUN"]
[SourceTitle "playchess.com"]
[Source "ChessBase"]
[SourceQuality "1"]

{[%evp 16,89,15,13,17,25,27,27,27,26,31,43,43,31,28,23,35,33,29,27,24,29,31,33,35,33,47,21,25,20,20,20,21,35,29,24,26,22,47,22,53,47,72,62,61,68,64,62,76,77,81,60,54,54,45,14,55,51,89,19,25,25,25,16,156,149,153,145,566,470,1385,1299,1211,1205,905,824]} 1. d4 d5 2. c4 dxc4 3. e3 Nf6 4. Bxc4 e6 5. Nf3 c5 6. O-O a6 7. dxc5 Qxd1 8. Rxd1 Bxc5 9. Be2 Nbd7 {D27: Queen's Gambit Accepted: Classical main line: 7 e4!? and 7 a4.} 10. Ne1 {[#]} b6 $146 ({Predecessor:} 10... O-O 11. Nd3 Be7 12. b3 e5 13. Bb2 e4 14. Ne1 b5 15. Nc2 Bb7 16. Nd4 g6 17. Nd2 {½-½ (34) Laihonen,P (2254)-Bali,J (2281) Hungary 2007}) 11. Nd3 Be7 {White has an edge.} 12. f3 Bb7 13. e4 O-O 14. Be3 Rfc8 15. Kf2 Kf8 16. Nc3 Ne8 17. Rac1 Nd6 18. b3 Ke8 19. Na4 Rxc1 20. Rxc1 Bd8 21. Nb4 b5 22. Nc5 Nxc5 $1 23. Bxc5 Rc8 24. Nd3 Bg5 25. Rd1 Be7 {Black wants to play ...Nxe4+!} 26. b4 Rc7 27. Rc1 Bc8 28. e5 Nb7 29. Bxe7 Rxc1 30. Nxc1 Kxe7 $16 {[%mdl 4096] Endgame KBN-KBN} 31. f4 Nd8 32. Nd3 Kd7 33. g4 Bb7 34. Ke3 Kc7 35. h4 Bd5 36. a3 $1 Nc6 37. g5 (37. Nc5 $16) 37... Ne7 38. Nc5 Nf5+ 39. Kf2 Kb6 (39... Kc6 $11) 40. Bd3 Nxh4 41. Bxh7 Bc6 $2 {[%mdl 8192] This costs Black the game.} (41... Ng6 $16) 42. Kg3 $18 {White is clearly winning.} Nf5+ (42... Nf3 $142 43. g6 {[%mdl 64] Overworked Piece} fxg6 44. Nxe6 g5 45. Nxg7 gxf4+ 46. Kxf4 Kc7 47. Ne6+ Kd7) 43. Bxf5 $1 exf5 {[#]} 44. g6 $1 {[%cal Rg6f7][%mdl 512]} fxg6 45. Kh4 {Accuracy: White = 86%, Black = 67%.} 1-0

[Event "Zalakaros Barczay Memorial 2020"]
[Site "Zalakaros"]
[Date "2020.09.06"]
[Round "7.3"]
[White "Pasti, Aron"]
[Black "Boguszlavszkij, Jevgenyij"]
[Result "1-0"]
[WhiteElo "2270"]
[BlackElo "2168"]
[Annotator "TA"]
[PlyCount "107"]
[EventDate "2020.08.31"]
[EventType "swiss"]
[EventCountry "HUN"]
[SourceTitle "playchess.com"]
[Source "ChessBase"]
[SourceQuality "1"]

{[%evp 14,107,24,23,23,23,25,16,22,22,25,0,0,0,6,0,0,0,9,2,12,7,8,0,0,0,0,0,0,0,0,-4,0,0,1,0,0,0,0,0,0,0,0,0,0,0,0,0,0,0,0,-19,49,52,97,0,12,1,94,83,43,51,139,129,308,306,415,383,389,383,373,368,375,377,383,364,362,350,345,352,342,311,364,346,362,259,300,252,307,238,369,360,397,400,469,448]} 1. e4 c6 2. d4 d5 3. exd5 cxd5 4. Bd3 Nc6 5. c3 Nf6 6. Nf3 Bg4 7. h3 Bh5 8. Bf4 e6 {B13: Caro-Kann: Exchange Variation and Panov-Botvinnik Attack.} 9. Nbd2 Bd6 10. Bxd6 Qxd6 {The position is equal.} 11. Qc2 (11. O-O O-O 12. Qb3 Rab8 13. Rfe1 Nd7 14. Be2 Bg6 15. Nf1 b5 16. Ne3 Na5 17. Qd1 Nc4 18. b3 Nxe3 19. fxe3 Be4 20. Bd3 f5 21. Bxe4 fxe4 {0-1 (43) Pasti,A (1862)-Boguszlavszkij,J (2124) Eger 2017}) 11... Bg6 12. O-O Bxd3 13. Qxd3 O-O 14. Rae1 {[#]} Rae8 $146 ({Predecessor:} 14... b5 15. Ne5 b4 16. Qa6 bxc3 17. Nb3 Rfc8 18. Na5 Ne4 19. Nexc6 Nd2 20. bxc3 Rc7 {0-1 (39) Hajdu,I (2186)-Steckner,J (2263) Aggtelek 2002}) 15. Ne5 Nd7 16. f4 f6 17. Nxd7 Qxd7 18. Re3 Ne7 19. Rfe1 Nf5 20. R3e2 Nd6 21. Qf3 f5 22. Re5 Nf7 23. R5e2 Nd6 24. Qd3 Ne4 25. Nf3 Rc8 26. Rc2 Rc7 27. b3 Rfc8 {[%cal Rc7c3]} 28. Ne5 Qe7 {[%cal Rc7c3]} 29. c4 Qh4 30. Qe3 b6 31. Rec1 Qe7 32. Nd3 Qh4 (32... dxc4 $11 33. Rxc4 Rxc4 34. Rxc4 Rxc4 35. bxc4 Qa3) 33. c5 $14 b5 34. c6 (34. b4 $16) 34... g5 $11 35. fxg5 Rg7 (35... Qxg5 $11 36. Qxg5+ Nxg5) 36. Qf4 Qxg5 37. c7 Qe7 (37... Qf6 $14) 38. Qe5 $36 {[%mdl 2048] Black must now prevent Nf4. Keeping Black busy.} b4 $2 {Black cannot hold the game after this.} (38... Qf6 $16) 39. Rc6 $18 Ng5 {[#] Strongly threatening ...Nf3+.} 40. Kh1 Nf7 41. Qxe6 Qxe6 42. Rxe6 Ng5 43. Rec6 a5 44. R1c5 Ne4 45. Rxa5 Rgxc7 46. Rxc7 Rxc7 47. Rxd5 {[%mdl 4096] Endgame KRN-KRN} Rc3 48. Nxb4 f4 49. Rd8+ Kg7 50. Nd5 Rc1+ 51. Kh2 Rf1 (51... f3 {was called for.} 52. Rd7+ (52. gxf3 Rc2+ 53. Kg1 Ng5 $18) 52... Kg6 53. gxf3 Rc2+ 54. Kg1 Ng5) 52. Re8 Nd6 53. Re7+ Kf8 54. Re6 {Accuracy: White = 91%, Black = 64%.} 1-0

[Event "Zalakaros Barczay Memorial 2020"]
[Site "Zalakaros"]
[Date "2020.09.06"]
[Round "7.5"]
[White "Molnar Gabor, Roland"]
[Black "Pasztor, Ferenc"]
[Result "0-1"]
[WhiteElo "2051"]
[BlackElo "2231"]
[Annotator "ChessBase"]
[PlyCount "40"]
[EventDate "2020.08.31"]
[EventType "swiss"]
[EventCountry "HUN"]
[SourceTitle "playchess.com"]
[Source "ChessBase"]
[SourceQuality "1"]
[TimeControl "40/5400+30:1800+30"]

1. d4 Nf6 {[%emt 0:00:15]} 2. Bf4 {[%emt 0:00:14]} g6 {[%emt 0:00:35]} 3. Nc3 {[%emt 0:00:05]} d5 {[%emt 0:00:41]} 4. e3 {[%emt 0:00:25]} Bg7 {[%emt 0:00:54]} 5. h4 {[%emt 0:00:33]} h5 {[%emt 0:00:27]} 6. Nb5 {[%emt 0:01:17]} Na6 {[%emt 0:00:53]} 7. Nf3 {[%emt 0:00:28]} c6 {[%emt 0:05:41]} 8. Nc3 {[%emt 0:00:16]} Qb6 {[%emt 0:05:55]} 9. Na4 {[%emt 0:08:33]} Qa5+ {[%emt 0:01:04]} 10. c3 {[%emt 0:00:03]} b5 {[%emt 0:01:18]} 11. Nc5 {[%emt 0:01:28]} Nxc5 {[%emt 0:00:58]} 12. dxc5 {[%emt 0:00:01]} Ne4 {[%emt 0:06:28]} 13. Be5 {[%emt 0:02:02]} f6 {[%emt 0:01:50]} 14. Bh2 {[%emt 0:00:16]} b4 {[%emt 0:01:51]} 15. Nd4 {[%emt 0:04:11]} bxc3 {[%emt 0:02:47]} 16. Nxc6 {[%emt 0:00:31]} Qxc5 {[%emt 0:00:47]} 17. Nd4 {[%emt 0:07:12]} cxb2 {[%emt 0:03:17]} 18. Bb5+ {[%emt 0:00:58]} Kf7 {[%emt 0:02:00]} 19. Rb1 {[%emt 0:02:15]} e5 {[%emt 0:03:12]} 20. Rxb2 {[%emt 0:03:04]} Qc3+ {[%emt 0:02:17]} 0-1

[Event "Zalakaros Barczay Memorial 2020"]
[Site "Zalakaros"]
[Date "2020.09.06"]
[Round "7.6"]
[White "Hardicsay, Peter"]
[Black "Piroska, Istvan"]
[Result "1/2-1/2"]
[WhiteElo "2196"]
[BlackElo "2131"]
[Annotator "TA"]
[PlyCount "108"]
[EventDate "2020.08.31"]
[EventType "swiss"]
[EventCountry "HUN"]
[SourceTitle "playchess.com"]
[Source "ChessBase"]
[SourceQuality "1"]

{[%evp 9,108,0,0,-19,-23,-26,-16,-14,0,0,0,0,0,0,0,4,0,9,0,8,7,0,39,35,37,38,73,69,77,77,54,62,250,119,233,237,234,234,217,216,226,219,497,479,472,294,459,231,469,302,295,293,334,80,79,93,236,224,213,161,158,145,321,292,304,310,305,245,231,117,580,570,557,526,491,452,439,429,408,147,83,0,0,0,0,0,0,0,0,0,0,0,0,0,0,0,0,0,0,0,0]} 1. Nf3 d5 2. c4 d4 3. e3 c5 4. exd4 cxd4 5. g3 Nc6 6. d3 {A09: Réti Opening: 1 Nf3 d5 2 c4.} e5 7. Bg2 Nf6 $1 {[%mdl 4] is more profitable than 7...Bd6 at the moment.} 8. O-O $1 Bd6 9. a3 a5 10. Bg5 h6 11. Bxf6 Qxf6 12. Nbd2 Qe7 13. Re1 O-O $1 14. Rc1 {[#]} Bg4 $146 ({Predecessor:} 14... Bf5 15. c5 Bc7 16. Nc4 Rfe8 17. Nfxe5 Nxe5 18. Nxe5 Bxe5 19. f4 Qc7 20. fxe5 Rxe5 21. Rxe5 Qxe5 22. Bxb7 {0-1 (31) Pesotskiy,M (2301)-Voinikonis,N (2137) Pardubice 2019}) 15. Qa4 Qd7 16. c5 Bc7 17. Nc4 Rfe8 18. Nfd2 $1 Bf5 19. Nb6 Bxb6 20. cxb6 {[%cal Rc1c6]} Re6 $2 {[#]} (20... Qd8 $14) 21. Ne4 (21. Nb3 $1 $18 {is the precise move to win.}) 21... Qe8 (21... Bxe4 $16 22. Bxe4 Ra6) 22. Nc5 $1 $18 {[%csl LRb7,LRe6][%mdl 64] Double Attack} Nd8 23. Qxe8+ Rxe8 24. f4 (24. Nxb7 $6 Nxb7 25. Bxb7 Rab8 $16) 24... f6 25. fxe5 Rxe5 $2 (25... fxe5 {keeps fighting.} 26. Nxb7 Nxb7) 26. Rxe5 fxe5 27. Re1 Nf7 (27... Kf7 {was necessary.} 28. Rxe5 (28. Nxb7 Nxb7 29. Bxb7 Rb8 $14) 28... g6) 28. Nxb7 (28. Bxb7 $142 Rb8 29. b4) 28... Rb8 $2 (28... Ra6 29. Bd5 Rxb6) 29. Nxa5 Rxb6 30. Nc4 {[%mdl 64] Double Attack} Rb5 31. Be4 $2 (31. a4 $18 {and White stays clearly on top.} Rb8 32. Bd5 (32. Nxe5 Nxe5 33. Rxe5 Bxd3 $16)) 31... Bxe4 $16 32. Rxe4 {[%mdl 4096] Endgame KRN-KRN} Ng5 {[#]} (32... Rb3 $16 {was worth a try.}) 33. Re2 $1 $18 e4 34. Kg2 e3 35. b4 {[%cal Bb2b4,Bb4b5][%mdl 32]} Rf5 $2 (35... Rb8 $16 36. Rb2 Ra8) 36. a4 h5 {If only Black now had time for ...h4....} 37. h4 Ne6 38. Rc2 g5 {intending ...gxh4.} 39. hxg5 (39. a5 $18) 39... Nxg5 $2 {[%mdl 8192]} (39... h4 $16 {is more resistant.}) 40. b5 Nf3 41. Re2 h4 {Threatens to win with ...h3+!} 42. gxh4 Nxh4+ 43. Kg3 Ng6 44. Re1 $2 (44. b6 $18 {is more deadly.} Nf4 45. Rc2) 44... Nf4 $16 45. Nxe3 (45. Kg4 $16 Rf6 46. Ne5) 45... dxe3 $11 {The position is equal.} 46. Rxe3 $16 {b6 is the strong threat. KRN-KR} Nd5 47. Re6 {Hoping for b6.} Kf7 48. Rc6 Nb4 49. Rc7+ Ke6 50. d4 Rf1 51. a5 Kd6 52. b6 Ra1 53. Ra7 Nc6 54. Ra8 {aiming for a6.} Rxa5 {Blacks defense is rewarded with a draw. Accuracy: White = 64%, Black = 54%.} 1/2-1/2

[Event "Zalakaros Barczay Memorial 2020"]
[Site "Zalakaros"]
[Date "2020.09.06"]
[Round "7.7"]
[White "Somogyi, Gabor"]
[Black "Meszaros, Andras"]
[Result "0-1"]
[WhiteElo "1830"]
[BlackElo "2203"]
[Annotator "ChessBase"]
[PlyCount "52"]
[EventDate "2020.08.31"]
[EventType "swiss"]
[EventCountry "HUN"]
[SourceTitle "playchess.com"]
[Source "ChessBase"]
[SourceQuality "1"]
[TimeControl "40/5400+30:1800+30"]

1. c4 {[%emt 0:00:02]} Nf6 {[%emt 0:00:17]} 2. g3 {[%emt 0:00:19]} g6 {[%emt 0:00:09]} 3. Bg2 {[%emt 0:00:06]} Bg7 {[%emt 0:00:05]} 4. Nc3 {[%emt 0:00:04]} O-O {[%emt 0:00:14]} 5. e4 {[%emt 0:01:42]} d6 {[%emt 0:00:12]} 6. d4 {[%emt 0:01:25]} Nbd7 {[%emt 0:00:26]} 7. Nge2 {[%emt 0:01:31]} e5 {[%emt 0:00:16]} 8. O-O {[%emt 0:03:20]} exd4 {[%emt 0:00:19]} 9. Nxd4 {[%emt 0:00:58]} Re8 {[%emt 0:00:42]} 10. f3 {[%emt 0:08:26]} c6 {[%emt 0:07:42]} 11. Nc2 {[%emt 0:11:27]} Nb6 {[%emt 0:01:35]} 12. Qd3 {[%emt 0:11:24]} Be6 {[%emt 0:02:14]} 13. Ne3 {[%emt 0:00:27]} d5 {[%emt 0:02:24]} 14. cxd5 {[%emt 0:00:26]} cxd5 {[%emt 0:00:07]} 15. Ncxd5 {[%emt 0:07:24]} Nfxd5 {[%emt 0:02:58]} 16. Nxd5 {[%emt 0:03:25]} Nxd5 {[%emt 0:00:06]} 17. exd5 {[%emt 0:00:07]} Bxd5 {[%emt 0:00:24]} 18. Be3 {[%emt 0:05:34]} Bxb2 {[%emt 0:10:34]} 19. Rab1 {[%emt 0:04:31]} Bf6 {[%emt 0:01:15]} 20. Bf2 {[%emt 0:00:27]} Bc6 {[%emt 0:05:15]} 21. Qxd8 {[%emt 0:03:30]} Raxd8 {[%emt 0:00:18]} 22. f4 {[%emt 0:02:52]} Bxg2 {[%emt 0:00:25]} 23. Kxg2 {[%emt 0:00:01]} b6 {[%emt 0:00:44]} 24. Rfd1 {[%emt 0:02:12]} Rxd1 {[%emt 0:01:28]} 25. Rxd1 {[%emt 0:00:01]} Re2 {[%emt 0:00:08]} 26. a3 {[%emt 0:00:24]} Ra2 {[%emt 0:00:22]} 0-1

[Event "Zalakaros Barczay Memorial 2020"]
[Site "Zalakaros"]
[Date "2020.09.06"]
[Round "7.8"]
[White "Bereczki, Janos"]
[Black "Bodrogi, Bendeguz"]
[Result "1/2-1/2"]
[WhiteElo "2099"]
[BlackElo "2078"]
[Annotator "ChessBase"]
[PlyCount "89"]
[EventDate "2020.08.31"]
[EventType "swiss"]
[EventCountry "HUN"]
[SourceTitle "playchess.com"]
[Source "ChessBase"]
[SourceQuality "1"]
[TimeControl "40/5400+30:1800+30"]

1. d4 {[%emt 0:00:53]} Nf6 {[%emt 0:00:11]} 2. Nf3 {[%emt 0:00:19]} c5 {[%emt 0:00:15]} 3. e3 {[%emt 0:00:10]} g6 {[%emt 0:01:26]} 4. b3 {[%emt 0:00:22]} Bg7 {[%emt 0:00:07]} 5. Bb2 {[%emt 0:00:08]} O-O {[%emt 0:00:59]} 6. Be2 {[%emt 0:00:21]} b6 {[%emt 0:00:20]} 7. O-O {[%emt 0:01:56]} Bb7 {[%emt 0:00:25]} 8. dxc5 {[%emt 0:03:28]} bxc5 {[%emt 0:00:16]} 9. c4 {[%emt 0:00:13]} d6 {[%emt 0:09:58]} 10. Qc1 {[%emt 0:04:59]} Nc6 {[%emt 0:09:08]} 11. Nc3 {[%emt 0:00:37]} e5 {[%emt 0:16:08]} 12. Rd1 {[%emt 0:06:10]} Qe7 {[%emt 0:02:53]} 13. a3 {[%emt 0:05:32]} a6 {[%emt 0:23:50]} 14. Rb1 {[%emt 0:05:24]} Rfd8 {[%emt 0:00:46]} 15. b4 {[%emt 0:15:51]} cxb4 {[%emt 0:02:00]} 16. axb4 {[%emt 0:01:12]} Nxb4 {[%emt 0:00:44]} 17. Ba3 {[%emt 0:00:07]} a5 {[%emt 0:00:03]} 18. Bxb4 {[%emt 0:00:31]} axb4 {[%emt 0:00:45]} 19. Rxb4 {[%emt 0:00:10]} d5 {[%emt 0:12:19]} 20. Qb2 {[%emt 0:03:35]} Bc6 {[%emt 0:01:50]} 21. Rb6 {[%emt 0:16:42]} Rac8 {[%emt 0:01:44]} 22. cxd5 {[%emt 0:07:06]} Bxd5 {[%emt 0:04:21]} 23. Nxd5 {[%emt 0:22:36]} Nxd5 {[%emt 0:00:08]} 24. Rb7 {[%emt 0:00:05]} Rc7 {[%emt 0:06:01]} 25. Rb8 {[%emt 0:00:47]} Rcd7 {[%emt 0:00:48]} 26. Rxd8+ {[%emt 0:02:33]} Rxd8 {[%emt 0:00:42]} 27. Qd2 {[%emt 0:00:35]} e4 {[%emt 0:01:15]} 28. Bc4 {[%emt 0:00:44]} exf3 {[%emt 0:00:42]} 29. Bxd5 {[%emt 0:00:03]} Bf6 {[%emt 0:01:36]} 30. gxf3 {[%emt 0:00:27]} Kg7 {[%emt 0:00:11]} 31. Qc2 {[%emt 0:00:31]} Qe5 {[%emt 0:00:49]} 32. Qc4 {[%emt 0:01:10]} Qc3 {[%emt 0:02:05]} 33. Qxc3 {[%emt 0:00:15]} Bxc3 {[%emt 0:00:06]} 34. Kf1 {[%emt 0:00:10]} Rd7 {[%emt 0:00:32]} 35. Ke2 {[%emt 0:00:19]} g5 {[%emt 0:01:17]} 36. Bc4 {[%emt 0:00:47]} Rxd1 {[%emt 0:00:09]} 37. Kxd1 {[%emt 0:00:02]} Be5 {[%emt 0:00:30]} 38. h3 {[%emt 0:00:14]} f5 {[%emt 0:00:23]} 39. Be6 {[%emt 0:01:09]} Kf6 {[%emt 0:00:06]} 40. Bd7 {[%emt 0:00:00]} h6 {[%emt 0:00:00]} 41. Ke2 {[%emt 0:00:33]} f4 {[%emt 0:04:54]} 42. Kd3 {[%emt 0:00:30]} h5 {[%emt 0:01:25]} 43. h4 {[%emt 0:04:03]} gxh4 {[%emt 0:00:18]} 44. Ke4 {[%emt 0:00:08]} Bb8 {[%emt 0:00:10]} 45. exf4 {[%emt 0:02:28]} 1/2-1/2

[Event "Zalakaros Barczay Memorial 2020"]
[Site "Zalakaros"]
[Date "2020.09.06"]
[Round "7.9"]
[White "Dlauchy, Peter"]
[Black "Boronyak, Arpad"]
[Result "0-1"]
[WhiteElo "1690"]
[BlackElo "2120"]
[Annotator "ChessBase"]
[PlyCount "66"]
[EventDate "2020.08.31"]
[EventType "swiss"]
[EventCountry "HUN"]
[SourceTitle "playchess.com"]
[Source "ChessBase"]
[SourceQuality "1"]
[TimeControl "40/5400+30:1800+30"]

1. e4 {[%emt 0:00:30]} c5 {[%emt 0:00:03]} 2. Nf3 {[%emt 0:00:00]} e6 {[%emt 0:00:09]} 3. d4 {[%emt 0:00:00]} cxd4 {[%emt 0:00:09]} 4. Nxd4 {[%emt 0:00:02]} Nf6 {[%emt 0:00:08]} 5. Nc3 {[%emt 0:00:07]} Nc6 {[%emt 0:00:27]} 6. Ndb5 {[%emt 0:00:37]} d6 {[%emt 0:00:42]} 7. Bf4 {[%emt 0:00:28]} e5 {[%emt 0:00:16]} 8. Bg5 {[%emt 0:00:10]} a6 {[%emt 0:00:06]} 9. Bxf6 {[%emt 0:00:52]} gxf6 {[%emt 0:00:11]} 10. Na3 {[%emt 0:00:11]} b5 {[%emt 0:01:42]} 11. Nd5 {[%emt 0:00:15]} f5 {[%emt 0:00:22]} 12. exf5 {[%emt 0:01:19]} Bxf5 {[%emt 0:02:08]} 13. c3 {[%emt 0:00:22]} Bg7 {[%emt 0:00:58]} 14. Nc2 {[%emt 0:00:14]} O-O {[%emt 0:00:42]} 15. Nce3 {[%emt 0:00:25]} Be6 {[%emt 0:00:10]} 16. g3 {[%emt 0:06:34]} f5 {[%emt 0:02:25]} 17. Bg2 {[%emt 0:01:04]} Rb8 {[%emt 0:01:01]} 18. O-O {[%emt 0:01:08]} Ne7 {[%emt 0:04:08]} 19. Nxe7+ {[%emt 0:08:05]} Qxe7 {[%emt 0:01:03]} 20. Bd5 {[%emt 0:01:15]} Kh8 {[%emt 0:01:37]} 21. Bxe6 {[%emt 0:08:26]} Qxe6 {[%emt 0:00:12]} 22. Qd5 {[%emt 0:07:05]} Qg6 {[%emt 0:01:00]} 23. Rad1 {[%emt 0:04:03]} f4 {[%emt 0:07:13]} 24. Ng2 {[%emt 0:03:51]} Rbd8 {[%emt 0:05:40]} 25. Kh1 {[%emt 0:04:20]} fxg3 {[%emt 0:22:30]} 26. fxg3 {[%emt 0:00:43]} Rxf1+ {[%emt 0:02:58]} 27. Rxf1 {[%emt 0:00:23]} Qc2 {[%emt 0:01:28]} 28. Qb3 {[%emt 0:15:50]} Qxb3 {[%emt 0:00:37]} 29. axb3 {[%emt 0:00:01]} d5 {[%emt 0:00:08]} 30. Nh4 {[%emt 0:02:04]} d4 {[%emt 0:00:46]} 31. cxd4 {[%emt 0:00:39]} exd4 {[%emt 0:00:09]} 32. Rd1 {[%emt 0:01:44]} d3 {[%emt 0:00:16]} 33. Rd2 {[%emt 0:01:18]} Bxb2 {[%emt 0:00:12]} 0-1

[Event "Zalakaros Barczay Memorial 2020"]
[Site "Zalakaros"]
[Date "2020.09.06"]
[Round "7.10"]
[White "Herbold, Manfred"]
[Black "Ilyes, Peter"]
[Result "0-1"]
[WhiteElo "2063"]
[BlackElo "1902"]
[Annotator "ChessBase"]
[PlyCount "80"]
[EventDate "2020.08.31"]
[EventType "swiss"]
[EventCountry "HUN"]
[SourceTitle "playchess.com"]
[Source "ChessBase"]
[SourceQuality "1"]
[TimeControl "40/5400+30:1800+30"]

1. e4 {[%emt 0:00:11]} e6 {[%emt 0:00:07]} 2. d4 {[%emt 0:00:46]} d5 {[%emt 0:00:09]} 3. e5 {[%emt 0:00:06]} c5 {[%emt 0:00:11]} 4. Qg4 {[%emt 0:00:10]} cxd4 {[%emt 0:02:55]} 5. Nf3 {[%emt 0:00:14]} Nc6 {[%emt 0:00:44]} 6. Bd3 {[%emt 0:00:13]} f5 {[%emt 0:08:05]} 7. Qg3 {[%emt 0:00:13]} Qa5+ {[%emt 0:19:39]} 8. Nbd2 {[%emt 0:00:56]} Nh6 {[%emt 0:02:02]} 9. O-O {[%emt 0:00:40]} Nf7 {[%emt 0:01:16]} 10. h4 {[%emt 0:04:10]} g6 {[%emt 0:15:43]} 11. Re1 {[%emt 0:05:00]} Be7 {[%emt 0:07:31]} 12. a3 {[%emt 0:02:35]} Bd7 {[%emt 0:02:33]} 13. b4 {[%emt 0:01:04]} Qa4 {[%emt 0:04:56]} 14. Nb3 {[%emt 0:01:39]} a5 {[%emt 0:01:47]} 15. Bd2 {[%emt 0:02:22]} O-O-O {[%emt 0:03:23]} 16. Reb1 {[%emt 0:03:00]} b6 {[%emt 0:01:11]} 17. bxa5 {[%emt 0:04:45]} bxa5 {[%emt 0:01:43]} 18. Nxa5 {[%emt 0:02:10]} Nxa5 {[%emt 0:00:26]} 19. Ba6+ {[%emt 0:01:25]} Kc7 {[%emt 0:00:12]} 20. Bxa5+ {[%emt 0:00:40]} Qxa5 {[%emt 0:00:12]} 21. Rb7+ {[%emt 0:00:44]} Kc8 {[%emt 0:00:59]} 22. Rb3+ {[%emt 0:11:51]} Qxa6 {[%emt 0:00:16]} 23. Nxd4 {[%emt 0:00:17]} Ba4 {[%emt 0:02:04]} 24. Rb2 {[%emt 0:05:14]} Kd7 {[%emt 0:01:00]} 25. Rab1 {[%emt 0:00:17]} Bc5 {[%emt 0:03:14]} 26. Nf3 {[%emt 0:03:22]} Rc8 {[%emt 0:04:16]} 27. h5 {[%emt 0:04:51]} Rhg8 {[%emt 0:02:14]} 28. hxg6 {[%emt 0:01:26]} Rxg6 {[%emt 0:00:27]} 29. Qh4 {[%emt 0:01:18]} Rh6 {[%emt 0:03:58]} 30. Qg3 {[%emt 0:00:51]} Rg6 {[%emt 0:00:02]} 31. Qh4 {[%emt 0:00:13]} h6 {[%emt 0:01:33]} 32. Qh5 {[%emt 0:00:33]} Rg7 {[%emt 0:00:39]} 33. Nh4 {[%emt 0:01:38]} Rc7 {[%emt 0:05:08]} 34. Nxf5 {[%emt 0:00:20]} exf5 {[%emt 0:00:11]} 35. Qxf5+ {[%emt 0:00:09]} Qe6 {[%emt 0:00:27]} 36. Qf4 {[%emt 0:00:21]} Bc6 {[%emt 0:00:49]} 37. Re1 {[%emt 0:00:40]} Rb7 {[%emt 0:00:58]} 38. Rxb7+ {[%emt 0:00:40]} Bxb7 {[%emt 0:00:02]} 39. Qa4+ {[%emt 0:00:10]} Kc7 {[%emt 0:01:54]} 40. Qa5+ {[%emt 0:00:00]} Bb6 {[%emt 0:00:00]} 0-1

[Event "Zalakaros Barczay Memorial 2020"]
[Site "Zalakaros"]
[Date "2020.09.06"]
[Round "7.11"]
[White "Deak, Laszlo"]
[Black "Metaxasz, Vaszilisz"]
[Result "1/2-1/2"]
[WhiteElo "1890"]
[BlackElo "2039"]
[Annotator "ChessBase"]
[PlyCount "27"]
[EventDate "2020.08.31"]
[EventType "swiss"]
[EventCountry "HUN"]
[SourceTitle "playchess.com"]
[Source "ChessBase"]
[SourceQuality "1"]
[TimeControl "40/5400+30:1800+30"]

1. e4 {[%emt 0:01:12]} c5 {[%emt 0:00:06]} 2. Nf3 {[%emt 0:00:10]} Nc6 {[%emt 0:01:54]} 3. Bb5 {[%emt 0:00:10]} g6 {[%emt 0:00:49]} 4. O-O {[%emt 0:09:08]} Bg7 {[%emt 0:00:22]} 5. c3 {[%emt 0:01:44]} Nf6 {[%emt 0:05:35]} 6. Qe2 {[%emt 0:09:29]} O-O {[%emt 0:03:05]} 7. Na3 {[%emt 0:07:01]} a6 {[%emt 0:06:11]} 8. Bxc6 {[%emt 0:01:46]} bxc6 {[%emt 0:02:50]} 9. d3 {[%emt 0:02:52]} d6 {[%emt 0:02:02]} 10. h3 {[%emt 0:01:10]} Qc7 {[%emt 0:06:18]} 11. Bf4 {[%emt 0:07:04]} e5 {[%emt 0:01:27]} 12. Bg5 {[%emt 0:04:47]} Nh5 {[%emt 0:10:47]} 13. g4 {[%emt 0:06:20]} f6 14. Be3 1/2-1/2